00458 2200193 4500001002100000005001500021035002000036007000300056008003900059082001000098084001600108100002400124245001700148260003700165300002400202650001100226650001000237856001700247INLIS00000000000625520211014040214 a0010-1021000006ta211014 | | |  a631.8 a631.8 ZAK p1 aZAKARIA, Abu Zaenal1 aPupuk Bokasi aMalang :bBPTP Jawa Timur,c2009 a2p :bilus ;c30 cm 4abokasi 4apupuk aPerpustakaan